| 000 | 00564nam a22001697a 4500 | ||
|---|---|---|---|
| 003 | SGT | ||
| 020 | _a9789351401513 | ||
| 082 | _a547,SIN | ||
| 100 | _aSINGH,JAGDAMBA | ||
| 245 | _aA LOGICAL APPROACH TO MODERN ORGANIC CHEMISTRY | ||
| 250 | _a13TH | ||
| 260 |
_aNEW DELHI _bAPAGATI _c2014 |
||
| 300 | _a1264 | ||
| 650 | _aORGANIC CHEMISTRY | ||
| 653 | _aCLASSIFICATION AND NOMENCLATURE OF ORGANIC COMPOUNDS,ISOMERISM,GENERAL ORGANIC CHEMISTRY,HYDROCARBONS,CARBONYL COMPOUNDS,CARBOXYLIC ACIDS AND THEIR DERIVES,CYANIDES AND AND ISOCYANIDES | ||
| 942 |
_2ddc _cFPS _01 |
||
| 999 |
_c9259 _d9259 |
||